JAMIE - Montell Fish - Statistics

General Stats
  • This quiz has been taken 17 times
  • The average score is 5 of 10
Answer Stats
Songs Plays Artists % Correct
Talk 2 Me 217,456,742 Montell Fish
82%
Jamie 10,784,881 Montell Fish
73%
Destroy Myself Just For You 265,401,357 Montell Fish
64%
Fall in Love with You. 536,466,064 Montell Fish
64%
Enough For You 38,663,572 Montell Fish
45%
And i'd go a thousand miles 88,334,739 Montell Fish
36%
Fallin Out of Love With You 25,872,663 Montell Fish
36%
I Can't Love You This Much 7,534,024 Montell Fish
36%
Darling 22,976,139 Montell Fish
27%
Last Dance 17,228,796 Montell Fish
27%
No matching quizzes found
Score Distribution
Percent of People with Each Score
Percentile by Number Answered
Your Score History
You have not taken this quiz